00272nam a2200097 a 450000500170000000800410001705000180005810000200007624500410009626000370013720140414131915.0100902s19uu xx 00 eng d aFICbG29 1982 aGeorge, Richard aJames and the giant peach :ba play. aNew York :bPuffin Book,c1982.